header

Women in management (Record no. 213384)

MARC details
000 -LEADER
fixed length control field 01479nam a2200325 a 4500
245 00 - TITLE STATEMENT
Title Women in management
260 ## - PUBLICATION, DISTRIBUTION, ETC. (IMPRINT)
Place of publication London :
Name of publisher SAGE Publications,
Year of publication 2000.
300 ## - PHYSICAL DESCRIPTION
Number of Pages ix, 309 p. :
Other physical details ill.
505 0# - FORMATTED CONTENTS NOTE
Formatted contents note pt. 1. Women managers and entrepreneurs : a global perspective -- pt. 2. Career development and high fliers -- pt. 3. Occupational stress and black and ethnic minority issues -- pt. 4. The future : organizational and government initiatives.
650 #0 - SUBJECT ADDED ENTRY--TOPICAL TERM
Topical Term Women executives.
700 1# - ADDED ENTRY--PERSONAL NAME
Personal name Davidson, Marilyn.
Personal name Burke, Ronald J.
856 40 - ELECTRONIC LOCATION AND ACCESS
Uniform Resource Identifier http://site.ebrary.com/lib/rucke/Doc?id=10369699

No items available.

© 2026 Rongo University
Contact us: librarian | system librarian | Rongo university